| 000 | 00397nam a2200157Ia 4500 | ||
|---|---|---|---|
| 003 | GCL | ||
| 008 | 140319s9999 xx 000 0 eng d | ||
| 040 |
_aGCL / _cGCL |
||
| 082 | 0 | 4 |
_aREF _b912 _bHW |
| 100 | 1 |
_aWESTON, J.F. _vForwarder |
|
| 245 | 1 | 0 |
_aWORLD AHAS / _cWESTON, J.F. |
| 260 |
_a[S.N] : _bLITTLE, BROWN AND COMPANY ، _c1992 |
||
| 300 | _a192 P | ||
| 650 | 0 | 4 | _aARLASES |
| 942 |
_2ddc _cBK |
||
| 999 |
_c19903 _d19903 |
||